CONTRACT & SPECIFIC RELIEF (Record no. 1680175)

MARC details
000 -LEADER
fixed length control field 00377nam a22001697a 4500
003 - CONTROL NUMBER IDENTIFIER
control field OSt
005 - DATE AND TIME OF LATEST TRANSACTION
control field 20260224162437.0
008 - FIXED-LENGTH DATA ELEMENTS--GENERAL INFORMATION
fixed length control field 260224b |||||||| |||| 00| 0 eng d
040 ## - CATALOGING SOURCE
Transcribing agency FLL
041 ## - LANGUAGE CODE
Language code of text/sound track or separate title ENG
Language code of sung or spoken text ENG
100 ## - MAIN ENTRY--PERSONAL NAME
Personal name SINGH, AVTAR
245 ## - TITLE STATEMENT
Title CONTRACT & SPECIFIC RELIEF
250 ## - EDITION STATEMENT
Edition statement 13th
260 ## - PUBLICATION, DISTRIBUTION, ETC.
Place of publication, distribution, etc. LUCKNOW
Name of publisher, distributor, etc. EBC
Date of publication, distribution, etc. 2017
300 ## - PHYSICAL DESCRIPTION
Extent 656
942 ## - ADDED ENTRY ELEMENTS (KOHA)
Source of classification or shelving scheme Colon Classification (CC)
Koha item type Textbook
Suppress in OPAC No
Holdings
Withdrawn status Lost status Source of classification or shelving scheme Damaged status Not for loan Home library Current library Date acquired Source of acquisition Cost, normal purchase price Inventory number Total Checkouts Full call number Barcode Date last seen Price effective from Koha item type Date last checked out Date due
    Colon Classification (CC)     Law Centre-I Library Law Centre-I Library 2026-01-17 Bookwell Publications 596.00 673/17-01-26   Z2,3 Q7 LO1646115 2026-02-24 2026-02-24 Textbook    
    Colon Classification (CC)     Law Centre-I Library Law Centre-I Library 2026-01-17 Bookwell Publications 596.00 673/17-01-26   Z2,3 Q7 LO1646116 2026-02-24 2026-02-24 Textbook    
    Colon Classification (CC)     Law Centre-I Library Law Centre-I Library 2026-01-17 Bookwell Publications 596.00 673/17-01-26   Z2,3 Q7 LO1646117 2026-02-24 2026-02-24 Textbook    
    Colon Classification (CC)     Law Centre-I Library Law Centre-I Library 2026-01-17 Bookwell Publications 596.00 673/17-01-26   Z2,3 Q7 LO1646118 2026-02-24 2026-02-24 Textbook    
    Colon Classification (CC)     Law Centre-I Library Law Centre-I Library 2026-01-17 Bookwell Publications 596.00 673/17-01-26   Z2,3 Q7 LO1646119 2026-02-24 2026-02-24 Textbook    
    Colon Classification (CC)     Law Centre-I Library Law Centre-I Library 2026-01-17 Bookwell Publications 596.00 673/17-01-26 1 Z2,3 Q7 LO1646120 2026-02-25 2026-02-24 Textbook 2026-02-25  
    Colon Classification (CC)     Law Centre-I Library Law Centre-I Library 2026-01-17 Bookwell Publications 596.00 673/17-01-26 1 Z2,3 Q7 LO1646121 2026-04-13 2026-02-24 Textbook 2026-04-13 2026-04-23
    Colon Classification (CC)     Law Centre-I Library Law Centre-I Library 2026-01-17 Bookwell Publications 596.00 673/17-01-26   Z2,3 Q7 LO1646122 2026-02-24 2026-02-24 Textbook    
Copyright @ Delhi University Library System